| 000 | 00533nam a22001697a 4500 | ||
|---|---|---|---|
| 082 | _aBEE-4 JAV | ||
| 100 |
_aMuhammad Arslan Javed _993067 |
||
| 245 | _aTAME: tremor Acquisition and minimization | ||
| 260 |
_aIslamabad _bNUST-SEECS _c2016 |
||
| 300 |
_a38p. _b27cm. _eCD Includes |
||
| 500 | _aSupervisors: Dr. Syed Muhammad Raza Kazmi, Dr. Khawar Khurshid | ||
| 563 | _aHB | ||
| 700 |
_aAwais Shafique _993068 |
||
| 700 |
_aHooriya Anam _993069 |
||
| 856 | _uhttp://10.250.8.41:8080/xmlui/handle/123456789/9469 | ||
| 942 |
_cPR _2ddc |
||
| 999 |
_c13662 _d13662 |
||